| 000 | 01404nam a2200313Ia 4500 | ||
|---|---|---|---|
| 008 | 130821s1999 ck gr spa | ||
| 020 | _a9586650286 | ||
| 040 |
_aCo-BoUCM _bspa |
||
| 041 | 0 | 0 | _aspa |
| 100 | 1 |
_aKennedy, Duncan _9154365 |
|
| 245 | 1 | 0 |
_aLibertad y restricción en la decisión judicial el debate con la teoría crítica del derecho (CLS) _cDuncan Kennedy ; estudio preliminar : César Rodríguez ; traductores : Diego Eduardo López Medina y Juan Manuel Pombo. |
| 260 |
_aBogotá (Colombia) _bSiglo del Hombre Editores, Universidad de Los Andes, Universidad Javeriana _c1999 |
||
| 300 | _a224 páginas | ||
| 490 | 0 |
_aBiblioteca Universitaria. _aCiencias Sociales y Humanidades |
|
| 490 | 0 |
_aNuevo Pensamiento Jurídico. _aSerie Temas |
|
| 504 | _aIncluye índice. | ||
| 650 | 0 | 4 |
_aAutonomía de la voluntad (Derecho) _99794 |
| 650 | 0 | 4 |
_aFilosofía del derecho _915792 |
| 650 | 0 | 4 |
_aLibertad (Derecho) _918466 |
| 650 | 0 | 4 |
_aTeoría del derecho _925308 |
| 700 | 1 |
_aLópez Medina, Diego Eduardo _etrad. _931962 |
|
| 700 | 1 |
_aPombo, Juan Manuel _etrad. _9129992 |
|
| 710 | 1 |
_aPontificia Universidad Javeriana. _bFacultad de Ciencias Jurídicas _94566 |
|
| 710 | 1 |
_aUniversidad de Los Andes. _bFacultad de Derecho _929565 |
|
| 710 | 2 |
_aInstituto Pensar _9138691 |
|
| 830 |
_aBB_J_DINTE _930417 |
||
| 942 |
_cLIBRO _a8 _e1 _mK35L _2DEWEY _h340.1 |
||
| 999 |
_c28073 _d28073 |
||